01443nam a22003257a 450000500170000000700140001700700140003100800410004502200140008602200140010002500150011403500240012903701150015304000130026804200080028104300120028924500760030126000810037730000170045831000150047536200430049050000720053353302320060565000450083771000660088277600470094894200150099599900170101095200900102720090423110838.0he amb---bacphe bmb---baap040702c19669999ii fr p b f0 0eng  a0019-4700 a0972-561X aI-E-E-1361 a(OCoLC)ocm55800509  bPublication Dept., National Council of Educational Research and Training, Sri Aurobindo Marg, New Delhi-110016 aDLCcDLC alcd aa-ii--- aIndian educational reviewbhalf-yearly journal of educational research. a[New Delhi] :bNational Council of Educational Research and Training,c1966- av. ;c25 cm. aSemiannual aBegan with: Vol. l, no. l (July 1966). aDescription based on: Vol. 27, no. 4 (Oct. 1992); title from cover. aMicrofiche.mv.:27-31,no. 4-1 (Oct. 1992-July 1996). :[Gaps]bNew Delhi :cLibrary of Congress Office ;bWashington, D.C. :cLibrary of Congress Photoduplication Service,d1995-1998.emicrofichesnMaster microform held by: DLC. aEducationxResearchzIndiavPeriodicals. aNational Council of Educational Research and Training (India) cOriginalw(DLC)sa 67004939w(OCoLC)1752860 2ddccSRs1 c25847d25847 00102ddc40718NFICaDBADbDBADd2009-04-23l0r2009-04-23 00:00:00w2009-04-23ySR